Succeeding with your master's dissertation : A step-by-step handnook

This popular book continues to demystify the dissertation writing process. Taking a step-by-step approach to the dissertation life cycle and highlighting examples of good and bad practice and the common mistakes that students often make, the book provides clear guidance on how to gain marks, as well...

Description complète

Enregistré dans:
Détails bibliographiques
Auteur principal: Biggam, John
Format: Livre
Langue:Undetermined
Publié: New York Open University Press 2011
Sujets:
Tags: Ajouter un tag
Pas de tags, Soyez le premier à ajouter un tag!
Thư viện lưu trữ: Trung tâm Học liệu Trường Đại học Cần Thơ
LEADER 01044nam a2200241Ia 4500
001 CTU_226892
008 210402s9999 xx 000 0 und d
020 |c 532000 
082 |a 808.066378 
082 |b B592 
100 |a Biggam, John 
245 0 |a Succeeding with your master's dissertation : 
245 2 |b A step-by-step handnook 
245 0 |c John Biggam 
260 |a New York 
260 |b Open University Press 
260 |c 2011 
520 |a This popular book continues to demystify the dissertation writing process. Taking a step-by-step approach to the dissertation life cycle and highlighting examples of good and bad practice and the common mistakes that students often make, the book provides clear guidance on how to gain marks, as well as how to avoid losing them. 
650 |a Luận văn, học thuật,Kỹ năng viết,Dissertations, academic,Writing skills 
650 |x Quyền tác giả,Authorship 
904 |i Nhi 
910 |b dqhieu 
980 |a Trung tâm Học liệu Trường Đại học Cần Thơ